00284nam a2200109Ia 4500008004100000100001300041245005900054260002100113650001500134942000800149999001700157190216s9999||||xx |||||||||||||| ||und|| aJain T S 0aGuide To Nationalised Banks Probationary Officers Exam bUpakar Prakashan aReferences cREF c35640d35640